000
00219nam a22000857a 4500
008
161124b xxu||||| |||| 00| 0 eng d
100
_9
1393
_a
Moraise.P
245
_a
The Elephant and Crab
260
_a
New Delhi
_b
BPI India
_c
2011
999
_c
4109
_d
4109